[Event "Horst-Emscher 2-Königsspringer Haltern "]
[Site "Verbandsklasse - Gruppe 1 201"]
[Date "2019.02.03"]
[Round "6.3"]
[White "Lombardi, Marco"]
[Black "Hiebsch, Catalina"]
[Result "0-1"]
[WhiteElo "1833"]
[BlackElo "1720"]
[PlyCount "94"]
[EventDate "2019.??.??"]

1. e4 e5 2. Nf3 Nc6 3. Bc4 h6 4. c3 Nf6 5. d3 d6 6. Bb3 Be7 7. Nbd2 Bg4 8. Nf1
d5 9. exd5 Nxd5 10. h3 Bh5 11. Qe2 Nf4 12. Bxf4 exf4 13. O-O-O O-O 14. g4 fxg3
15. Nxg3 Bg5+ 16. Kb1 Re8 17. Ne4 Kh8 18. Rdg1 f5 19. Nfxg5 Bxe2 20. Nf7+ Kh7
21. Nxd8 Raxd8 22. Ng3 Bxd3+ 23. Bc2 Bxc2+ 24. Kxc2 g6 25. Re1 Rxe1 26. Rxe1
Kg7 27. h4 Kf6 28. f4 Ne7 29. h5 g5 30. fxg5+ hxg5 31. h6 Rh8 32. Kb3 Nc6 33.
Nh5+ Kg6 34. Ng7 Rxh6 35. Ne8 g4 36. Nxc7 f4 37. Nd5 Kf5 38. Re8 f3 39. Rf8+
Kg5 40. Ne3 Rg6 41. Rf7 Kh4 42. Rf5 Kg3 43. Rf7 Kf2 44. Nf5 g3 45. Nh4 Ne5 46.
Rxf3+ Nxf3 47. Nxg6 Ke3 0-1

[Event "Horst-Emscher 2-Königsspringer Haltern "]
[Site "Verbandsklasse - Gruppe 1 201"]
[Date "2019.02.03"]
[Round "6.4"]
[White "Verfuerth, Christian"]
[Black "Schulz, Alfons"]
[Result "0-1"]
[WhiteElo "1836"]
[BlackElo "1808"]
[PlyCount "134"]
[EventDate "2019.??.??"]

1. d4 Nf6 2. Nf3 e6 3. e3 b6 4. Bd3 Bb7 5. O-O Be7 6. c4 O-O 7. Nc3 d5 8. cxd5
exd5 9. Bd2 Nbd7 10. Rc1 c5 11. dxc5 bxc5 12. Re1 Ne4 13. Qc2 f5 14. Red1 Rc8
15. Be1 Qc7 16. Qe2 Qb6 17. Na4 Qg6 18. Bc3 Bd6 19. Bb5 Rc7 20. Bxd7 Rxd7 21.
Ne5 Nxc3 22. Rxc3 Bxe5 23. Rxc5 Bc6 24. Nc3 Bxh2+ 25. Kf1 Bb8 26. Nxd5 Kh8 27.
g3 Rxd5 28. Rcxd5 Bxd5 29. Rxd5 Qf6 30. b3 Bc7 31. Qc2 Bb6 32. Ke1 Qe6 33. Qd3
Qf6 34. Qc2 Rd8 35. Rxf5 Qd6 36. Ke2 Qg6 37. e4 Qg4+ 38. Ke1 Qg6 39. Qe2 Qd6
40. Rd5 Qb4+ 41. Kf1 Rxd5 42. exd5 Bc5 43. Kg2 h6 44. f3 Qd4 45. Qe8+ Kh7 46.
Qe4+ g6 47. Qxd4 Bxd4 48. f4 Kg7 49. Kf3 Kf6 50. Ke4 Bc5 51. Kd3 Ke7 52. Kc4
Kd6 53. b4 Be3 54. a4 h5 55. a5 Bd2 56. a6 Be3 57. Kd3 Bf2 58. b5 Bc5 59. Ke4
Bf2 60. Kf3 Bc5 61. Ke4 Bb6 62. f5 gxf5+ 63. Kxf5 Kxd5 64. Kg5 Kc5 65. Kxh5
Kxb5 66. g4 Bd4 67. g5 Kxa6 0-1

[Event "Horst-Emscher 2-Königsspringer Haltern "]
[Site "Verbandsklasse - Gruppe 1 201"]
[Date "2019.02.03"]
[Round "6.5"]
[White "Michalicek, Roland"]
[Black "Rebentisch, Sebastian"]
[Result "0-1"]
[WhiteElo "1834"]
[BlackElo "1811"]
[PlyCount "88"]
[EventDate "2019.??.??"]

1. e4 e5 2. Nf3 Nc6 3. d4 exd4 4. Nxd4 Bc5 5. Be3 Qf6 6. c3 d6 7. Be2 Bd7 8.
O-O Bb6 9. Na3 Nge7 10. Nc4 O-O 11. Nxb6 axb6 12. Qd2 Qg6 13. f4 Qxe4 14. Bd3
Qd5 15. Nb5 Rac8 16. Rad1 Bf5 17. Bxf5 Qxf5 18. a4 Na5 19. Bxb6 cxb6 20. Nxd6
Qc5+ 21. Kh1 Nc4 22. Qe2 Nxd6 23. Qxe7 Nc4 24. Qxc5 bxc5 25. Rf2 Rcd8 26. Ra1
Rd2 27. Rxd2 Nxd2 28. b4 c4 29. Kg1 Rd8 30. a5 Ne4 31. b5 Nxc3 32. a6 b6 33.
Kf1 Nxb5 34. a7 Ra8 35. Ra6 Nxa7 36. Rxb6 c3 37. Ke2 Rd8 38. Rb7 c2 39. Rc7 Nb5
40. Rc4 Na3 41. Rc5 g6 42. h3 Rd4 43. Rc8+ Kg7 44. f5 Rc4 0-1

[Event "Horst-Emscher 2-Königsspringer Haltern "]
[Site "Verbandsklasse - Gruppe 1 201"]
[Date "2019.02.03"]
[Round "6.6"]
[White "Schreiner, Paulo"]
[Black "Eusgeld, Michael"]
[Result "1-0"]
[WhiteElo "1651"]
[BlackElo "1821"]
[PlyCount "57"]
[EventDate "2019.??.??"]

1. d4 d5 2. c4 c6 3. Nc3 Nf6 4. Nf3 Bg4 5. Ne5 Be6 6. Bf4 Nbd7 7. cxd5 Nxd5 8.
Bg3 Qb6 9. Qd2 N7f6 10. e3 Nxc3 11. bxc3 Ne4 12. Qc2 Nxg3 13. hxg3 g6 14. Bd3
Bg7 15. Rb1 Qc7 16. Rb4 c5 17. Qa4+ Kf8 18. Rb1 Bxe5 19. dxe5 Qxe5 20. Qa5 Qd5
21. Qb5 Qxg2 22. Rh4 Qc6 23. Qxb7 Qxb7 24. Rxb7 Bxa2 25. c4 Kg7 26. Rb2 Rhd8
27. Ke2 Bxc4 28. Rxc4 Rd5 29. Be4 1-0

[Event "Horst-Emscher 2-Königsspringer Haltern "]
[Site "Verbandsklasse - Gruppe 1 201"]
[Date "2019.02.03"]
[Round "6.7"]
[White "Backmann, Hans"]
[Black "Konietzka, Bernd"]
[Result "1/2-1/2"]
[WhiteElo "1752"]
[BlackElo "1901"]
[PlyCount "97"]
[EventDate "2019.??.??"]

1. c4 e5 2. g3 Nf6 3. Bg2 Bc5 4. e3 Nc6 5. Ne2 d5 6. cxd5 Nxd5 7. a3 Be6 8. O-O
O-O 9. h3 Qd7 10. Kh2 Bd6 11. d4 exd4 12. Nxd4 Nxd4 13. Qxd4 Nf6 14. Nc3 a6 15.
b4 Rad8 16. Bb2 Qc8 17. Nd5 Bxd5 18. Bxd5 Qf5 19. e4 Qf3 20. Qc3 Qxc3 21. Bxc3
Nxd5 22. exd5 Rfe8 23. Rfe1 Re7 24. Rxe7 Bxe7 25. Re1 Rd7 26. Re2 f5 27. h4 Kf7
28. Rd2 h6 29. Kg2 Bf6 30. Bxf6 Kxf6 31. Rc2 Ke5 32. Kf3 Kxd5 33. Kf4 Ke6 34.
Rc4 c6 35. a4 Kf6 36. h5 Rd5 37. a5 g5+ 38. hxg6 Kxg6 39. g4 fxg4 40. Kxg4 Kf6
41. f4 Rd1 42. Rc5 Rd4 43. b5 Rd5 44. bxa6 h5+ 45. Kh4 bxa6 46. Rxc6+ Kf5 47.
Rxa6 Kxf4 48. Rf6+ Ke5 49. Rh6 1/2-1/2

[Event "Horst-Emscher 2-Königsspringer Haltern "]
[Site "Verbandsklasse - Gruppe 1 201"]
[Date "2019.02.03"]
[Round "6.8"]
[White "Kotter, Michael"]
[Black "Struebig, Dominik"]
[Result "1-0"]
[WhiteElo "1857"]
[BlackElo "1691"]
[PlyCount "77"]
[EventDate "2019.??.??"]

1. Nc3 Nf6 2. e4 Nc6 3. Nf3 d5 4. exd5 Nxd5 5. Bc4 Nxc3 6. bxc3 Bg4 7. Bxf7+
Kd7 8. h3 Bxf3 9. Qxf3 e6 10. Qe4 Qf6 11. Bh5 Bd6 12. d4 Raf8 13. Be3 g6 14.
Bf3 Qf5 15. Rb1 Qa5 16. O-O Nd8 17. c4 Qxa2 18. d5 Rxf3 19. dxe6+ Nxe6 20. Qxf3
Rf8 21. Qe4 b6 22. Rfd1 Rf5 23. Ra1 Qb2 24. Rxa7 Nc5 25. Qd4 Qxd4 26. Bxd4 Kc6
27. Ra8 Ne6 28. c3 Ng5 29. Re8 Kd7 30. Re2 Nf7 31. g4 Rf4 32. c5 bxc5 33. Bxc5
Ng5 34. Bxd6 cxd6 35. Rd3 Kc6 36. Kg2 d5 37. Re5 Ne4 38. f3 Nf6 39. Kg3 1-0

[Event "SV Günnigfeld 1-Wacker Bergeborbeck 1"]
[Site "Verbandsklasse - Gruppe 1 201"]
[Date "2019.02.03"]
[Round "6.1"]
[White "Landscheidt, Heinz"]
[Black "Freisen, Thomas"]
[Result "1/2-1/2"]
[WhiteElo "1848"]
[BlackElo "1973"]
[PlyCount "30"]
[EventDate "2019.??.??"]

1. e4 e6 2. d4 d5 3. exd5 exd5 4. c4 Bb4+ 5. Nc3 Nc6 6. a3 Bxc3+ 7. bxc3 Nge7
8. Nf3 O-O 9. Bd3 Bf5 10. O-O dxc4 11. Bxc4 Nd5 12. Bd2 Na5 13. Ba2 Nf6 14. Re1
Nc6 15. Ne5 Nxe5 1/2-1/2

[Event "SV Günnigfeld 1-Wacker Bergeborbeck 1"]
[Site "Verbandsklasse - Gruppe 1 201"]
[Date "2019.02.03"]
[Round "6.2"]
[White "Kuekenbrink, Christopher"]
[Black "Grodotzki, Thomas"]
[Result "1/2-1/2"]
[WhiteElo "1857"]
[BlackElo "1964"]
[PlyCount "70"]
[EventDate "2019.??.??"]

1. Nf3 Nf6 2. c4 c5 3. Nc3 g6 4. e4 d6 5. d4 cxd4 6. Nxd4 Bg7 7. Be2 O-O 8. Be3
Nc6 9. O-O Bd7 10. f3 Ne8 11. Qd2 Nc7 12. f4 Nxd4 13. Bxd4 Bxd4+ 14. Qxd4 Ne6
15. Qf2 Ng7 16. b4 b6 17. Rfd1 Qc8 18. Nd5 Re8 19. Qh4 f6 20. Rac1 Be6 21. c5
Bxd5 22. Rxd5 dxc5 23. bxc5 Rd8 24. Rxd8+ Qxd8 25. Qf2 bxc5 26. Qxc5 Qb6 27.
Qxb6 axb6 28. Rb1 e6 29. Bc4 Ra4 30. Rc1 b5 31. Bxb5 Rxa2 32. g4 Ra7 33. Rd1 h5
34. h3 hxg4 35. hxg4 Rc7 1/2-1/2

[Event "SV Günnigfeld 1-Wacker Bergeborbeck 1"]
[Site "Verbandsklasse - Gruppe 1 201"]
[Date "2019.02.03"]
[Round "6.3"]
[White "Mombeck, Michael"]
[Black "Markus, Peter"]
[Result "1/2-1/2"]
[WhiteElo "1983"]
[BlackElo "1950"]
[PlyCount "84"]
[EventDate "2019.??.??"]

1. e4 e5 2. Nf3 Nc6 3. Bc4 Bc5 4. Nc3 Nf6 5. d3 d6 6. Bg5 h6 7. Bxf6 Qxf6 8.
Nd5 Qd8 9. c3 Ne7 10. Ne3 O-O 11. O-O Bxe3 12. fxe3 Ng6 13. Qb3 Qe7 14. Rf2 Kh7
15. Raf1 f6 16. a4 c6 17. d4 Re8 18. Nd2 Rb8 19. Qd1 Be6 20. d5 Bf7 21. Nf3
Rec8 22. Rd2 c5 23. Qe2 a6 24. a5 Be8 25. Ra1 Bd7 26. Bd3 Rf8 27. Rdd1 Rf7 28.
Rf1 Rbf8 29. Qc2 Qd8 30. Nd2 Ne7 31. Nc4 Bb5 32. Nd2 Bxd3 33. Qxd3 Qd7 34. Nc4
Nc8 35. Ra3 Qb5 36. Rd1 Kg8 37. Rf1 Rc7 38. b3 Rcf7 39. Qc2 Qd7 40. Raa1 Qg4
41. Rf5 Rd7 42. Raf1 Qg6 1/2-1/2

[Event "SV Günnigfeld 1-Wacker Bergeborbeck 1"]
[Site "Verbandsklasse - Gruppe 1 201"]
[Date "2019.02.03"]
[Round "6.4"]
[White "Radi, Guenter"]
[Black "Brandhorst, Dieter"]
[Result "0-1"]
[WhiteElo "1877"]
[BlackElo "1893"]
[PlyCount "88"]
[EventDate "2019.??.??"]

1. d4 c6 2. Nf3 d6 3. c4 Qc7 4. e4 Bg4 5. Be2 e5 6. d5 Nf6 7. Nc3 Nbd7 8. Bd2
Be7 9. Rc1 Nc5 10. Qc2 a5 11. Be3 O-O 12. h3 Bh5 13. O-O Bg6 14. Nd2 Nh5 15. g3
Nf6 16. Bf3 Nfd7 17. Bg4 Nxe4 18. Ncxe4 f5 19. Bf3 fxe4 20. Bxe4 Bxe4 21. Nxe4
Nf6 22. Ng5 Qd7 23. Ne6 cxd5 24. Nxf8 Rxf8 25. cxd5 Qxh3 26. f3 Qxg3+ 27. Qg2
Qxg2+ 28. Kxg2 Nxd5 29. Bd2 b5 30. Rc6 Kf7 31. Rfc1 Ke6 32. Ra6 a4 33. Ra7 Rb8
34. Kf2 h5 35. Rd1 Bf6 36. a3 g5 37. Rh7 h4 38. Rg1 Kf5 39. Rh5 Nf4 40. Bxf4
exf4 41. Ke2 Re8+ 42. Kd2 Re3 43. Rh7 Rxf3 44. Rg2 Bxb2 0-1

[Event "SV Günnigfeld 1-Wacker Bergeborbeck 1"]
[Site "Verbandsklasse - Gruppe 1 201"]
[Date "2019.02.03"]
[Round "6.5"]
[White "Schaedlich, Andreas"]
[Black "Funke, Eckhard"]
[Result "1/2-1/2"]
[WhiteElo "1881"]
[BlackElo "1809"]
[PlyCount "81"]
[EventDate "2019.??.??"]

1. e4 c5 2. Bc4 e6 3. c3 d5 4. exd5 exd5 5. Bb3 Nc6 6. d4 c4 7. Bc2 Bd6 8. Nf3
Nge7 9. O-O Qc7 10. Re1 O-O 11. Bg5 f6 12. Bh4 Bf5 13. Nbd2 Qd7 14. Nf1 Bxc2
15. Qxc2 Nf5 16. Ne3 Nxe3 17. Rxe3 Rfe8 18. Rae1 Rxe3 19. Rxe3 Bf4 20. Re2 Qg4
21. Bg3 Bxg3 22. hxg3 Qg6 23. Qd2 Re8 24. Nh4 Qf7 25. Nf5 Rxe2 26. Qxe2 Qd7 27.
Qg4 Kf8 28. Qf4 g6 29. Ne3 Kf7 30. g4 g5 31. Qh2 Kg8 32. Nf5 Ne7 33. Qb8+ Kf7
34. Nd6+ Kg7 35. Nxb7 Qxg4 36. f3 Qe6 37. Kf2 Nf5 38. Qc7+ Kg6 39. Kf1 Qe3 40.
Nd8 Qc1+ 41. Kf2 1/2-1/2

[Event "SV Günnigfeld 1-Wacker Bergeborbeck 1"]
[Site "Verbandsklasse - Gruppe 1 201"]
[Date "2019.02.03"]
[Round "6.6"]
[White "Jaennekes, Oliver"]
[Black "Alinsug, Salvadore"]
[Result "1/2-1/2"]
[WhiteElo "1791"]
[BlackElo "1711"]
[PlyCount "84"]
[EventDate "2019.??.??"]

1. d4 Nf6 2. Bf4 d6 3. e3 g6 4. h3 Bg7 5. Nf3 Nc6 6. Nc3 O-O 7. Be2 a6 8. a3 b5
9. O-O Re8 10. Bg3 Bd7 11. d5 Na7 12. e4 e5 13. Nd2 c5 14. dxc6 Bxc6 15. Bh4
Qc7 16. Bxf6 Bxf6 17. Re1 Nc8 18. Nf1 Nb6 19. Ne3 Rad8 20. a4 b4 21. Ncd5 Nxd5
22. Nxd5 Bxd5 23. Qxd5 a5 24. Bc4 Rc8 25. b3 Bg7 26. Rad1 Re6 27. Qd2 Rf6 28.
Qe3 h6 29. Rd5 Kh7 30. c3 Rb8 31. cxb4 Rxb4 32. Red1 h5 33. g4 hxg4 34. hxg4
Bf8 35. Kg2 Rf4 36. Qh3+ Kg8 37. f3 Qb6 38. R5d3 Qc7 39. Rh1 Bg7 40. Qh7+ Kf8
41. Rhd1 Rb6 42. Rd5 Rc6 1/2-1/2

[Event "SV Günnigfeld 1-Wacker Bergeborbeck 1"]
[Site "Verbandsklasse - Gruppe 1 201"]
[Date "2019.02.03"]
[Round "6.7"]
[White "Grimke, Michael"]
[Black "Brandhoff, Gerd"]
[Result "0-1"]
[WhiteElo "1705"]
[BlackElo "1779"]
[PlyCount "70"]
[EventDate "2019.??.??"]

1. d4 d5 2. e4 e6 3. e5 c5 4. c3 Nc6 5. Be3 a6 6. Nf3 Nge7 7. dxc5 Ng6 8. Bd4
Qc7 9. b4 Ncxe5 10. Nxe5 Nxe5 11. Qh5 Ng6 12. Be3 Be7 13. Bd3 Nf4 14. Bxf4 Qxf4
15. O-O Bf6 16. a4 g6 17. Qe2 O-O 18. Ra3 Bd7 19. Nd2 e5 20. c4 Bg5 21. Nb3 d4
22. g3 Qf6 23. Be4 Rab8 24. b5 Qe7 25. Rfa1 f5 26. Bd5+ Kh8 27. Bxb7 Rxb7 28.
c6 Bxc6 29. bxc6 Rc7 30. Na5 e4 31. Rb3 d3 32. Qd1 Qc5 33. Rab1 Qxa5 34. Rb8
Qc5 35. Qb3 Rxc6 0-1

[Event "SV Günnigfeld 1-Wacker Bergeborbeck 1"]
[Site "Verbandsklasse - Gruppe 1 201"]
[Date "2019.02.03"]
[Round "6.8"]
[White "Bauer, Matthias"]
[Black "Elser, Christian"]
[Result "1/2-1/2"]
[WhiteElo "1574"]
[BlackElo "1648"]
[PlyCount "40"]
[EventDate "2019.??.??"]

1. d4 d5 2. Nf3 Nf6 3. e3 Bg4 4. Nbd2 e6 5. Bd3 Bd6 6. c3 Nbd7 7. O-O O-O 8. e4
dxe4 9. Nxe4 Be7 10. h3 Bh5 11. Bg5 Bg6 12. Nxf6+ Bxf6 13. Bxg6 Bxg5 14. Nxg5
Qxg5 15. Bc2 c6 16. Qd3 g6 17. Rae1 Rad8 18. Qe3 Qxe3 19. Rxe3 Nb6 20. Bb3 Nd5
1/2-1/2

[Event "Sport Union Annen 1 - SC Mülheim 1"]
[Site "Verbandsklasse - Gruppe 1 201"]
[Date "2019.02.03"]
[Round "6.1"]
[White "Viebahn, Dirk"]
[Black "Mainka, Gregor"]
[Result "1/2-1/2"]
[WhiteElo "2117"]
[BlackElo "2187"]
[PlyCount "70"]
[EventDate "2019.??.??"]

1. Nf3 b6 2. g3 Bb7 3. Bg2 c5 4. c4 g6 5. O-O Bg7 6. Nc3 Nc6 7. d3 Nf6 8. e4
O-O 9. h3 Ne8 10. Be3 Nd4 11. Nh2 f5 12. f4 Nc7 13. Rf2 e6 14. Rc1 d6 15. Nf3
Qd7 16. a3 Rad8 17. h4 Ba8 18. Ng5 h6 19. Nh3 d5 20. e5 dxc4 21. Bxa8 Rxa8 22.
dxc4 Qc6 23. Bxd4 cxd4 24. Qxd4 Rfd8 25. Qe3 Bf8 26. Qf3 Qxf3 27. Rxf3 Rd2 28.
Na4 b5 29. cxb5 Nxb5 30. Rf2 Rd4 31. Nc5 Rc8 32. Rfc2 Bxc5 33. Rxc5 Rxc5 34.
Rxc5 Rd1+ 35. Kg2 Rd2+ 1/2-1/2

[Event "Sport Union Annen 1 - SC Mülheim 1"]
[Site "Verbandsklasse - Gruppe 1 201"]
[Date "2019.02.03"]
[Round "6.2"]
[White "Wicht, Juergen"]
[Black "Langschmidt, Dirk"]
[Result "1/2-1/2"]
[WhiteElo "2001"]
[BlackElo "1986"]
[PlyCount "37"]
[EventDate "2019.??.??"]

1. d4 d5 2. Nf3 Nf6 3. c4 c6 4. Nc3 e6 5. Bg5 h6 6. Bxf6 Qxf6 7. e3 Nd7 8. Qb3
Bd6 9. Be2 Qe7 10. O-O O-O 11. Rfd1 dxc4 12. Qxc4 e5 13. d5 Nb6 14. Qh4 Qxh4
15. Nxh4 cxd5 16. Nxd5 Nxd5 17. Rxd5 Be7 18. Nf3 Bf6 19. Nd2 1/2-1/2

[Event "Sport Union Annen 1 - SC Mülheim 1"]
[Site "Verbandsklasse - Gruppe 1 201"]
[Date "2019.02.03"]
[Round "6.3"]
[White "Achenbach, Manfred"]
[Black "Sondermann, Dirk"]
[Result "0-1"]
[WhiteElo "1881"]
[BlackElo "1872"]
[PlyCount "67"]
[EventDate "2019.??.??"]

1. Nf3 f5 2. c4 Nf6 3. g3 g6 4. Bg2 Bg7 5. d4 d6 6. O-O O-O 7. Nc3 Qe8 8. b3
Na6 9. Bb2 e5 10. dxe5 dxe5 11. Ba3 Rf7 12. Qc2 e4 13. Ng5 Rd7 14. Rad1 h6 15.
Nh3 c6 16. Bd6 Ng4 17. b4 g5 18. c5 Qe6 19. a3 Rd8 20. b5 cxb5 21. Nxb5 Bd7 22.
Bc7 Rdc8 23. Rd6 Qf7 24. Rxd7 Qxd7 25. Qc4+ Kh7 26. Bd6 Nxc5 27. Rb1 Ne6 28.
Qd5 Rc5 29. Qb3 Rc6 30. f3 Nf6 31. fxe4 fxe4 32. Rf1 Rxd6 33. Nxd6 Qxd6 34.
Qxb7 0-1

[Event "Sport Union Annen 1 - SC Mülheim 1"]
[Site "Verbandsklasse - Gruppe 1 201"]
[Date "2019.02.03"]
[Round "6.4"]
[White "Hartung, Thomas"]
[Black "Riese, Manfred"]
[Result "1/2-1/2"]
[WhiteElo "1928"]
[BlackElo "1827"]
[Annotator "Daniel"]
[PlyCount "151"]
[EventDate "2019.??.??"]

1. e4 d6 2. d4 Nf6 3. Nc3 c6 4. Be3 Qa5 5. Qd2 Nbd7 6. a3 Ng4 7. Bf4 e5 8. Bg3
a6 9. f3 Ngf6 10. Bf2 Be7 11. g4 h6 12. h4 d5 13. Bg2 dxe4 14. Nxe4 Qxd2+ 15.
Nxd2 Nd5 16. Ne2 exd4 17. Bxd4 Bf6 18. O-O-O Bxd4 19. Nxd4 O-O 20. g5 Nf4 21.
Bf1 hxg5 22. hxg5 Ne5 23. Nc4 Nxc4 24. Bxc4 c5 25. Ne2 Nxe2+ 26. Bxe2 Be6 27.
Bd3 g6 28. Be4 Rab8 29. Rh6 Rfe8 30. Rdh1 Kf8 31. Rh8+ Ke7 32. Rxe8+ Rxe8 33.
Bxb7 a5 34. Re1 Rd8 35. Rd1 Rh8 36. Be4 Rh2 37. Rg1 Rf2 38. b3 Kd6 39. Kb2 Ke5
40. Re1 Kf4 41. Bxg6 Rxf3 42. Bh5 Rg3 43. Rf1+ Kxg5 44. Bxf7 Bf5 45. Rf2 Kf6
46. Bc4 Ke5 47. Rd2 Be4 $11 48. Rh2 Bg6 49. Bg8 Kd6 50. Rd2+ Kc6 51. Bc4 Be4
52. a4 Rg7 53. Re2 Bf5 54. Re5 Bd7 55. Rh5 Bc8 56. Rh6+ Kc7 57. Bd3 Bb7 58. Rh7
Rxh7 59. Bxh7 Kd6 60. Kc3 Bd5 61. Bd3 Ke5 62. Bc4 Be4 63. Bg8 Kd6 64. Kc4 Kc6
65. c3 Bc2 66. Bd5+ Kb6 67. Bf3 Bh7 68. Bd1 Bg8+ 69. Kd3 Bd5 70. Ke3 Bc6 71.
Bf3 Bd7 72. Bd5 Bf5 73. Kf4 Bc2 74. Ke5 Bd1 75. Kd6 Bc2 76. Bc4 1/2-1/2

[Event "Sport Union Annen 1 - SC Mülheim 1"]
[Site "Verbandsklasse - Gruppe 1 201"]
[Date "2019.02.03"]
[Round "6.5"]
[White "Straenger, Petra"]
[Black "Herrmann, Uwe"]
[Result "1/2-1/2"]
[WhiteElo "1814"]
[BlackElo "1886"]
[PlyCount "39"]
[EventDate "2019.??.??"]

1. d4 Nf6 2. Nf3 g6 3. c4 Bg7 4. Nc3 d5 5. g3 O-O 6. Bg2 dxc4 7. Ne5 c5 8. dxc5
Qxd1+ 9. Nxd1 Nfd7 10. Nxc4 Nxc5 11. O-O Nc6 12. Nc3 Be6 13. Be3 Bxc4 14. Bxc5
Rac8 15. Rfd1 Rfd8 16. Bxc6 Bxc3 17. bxc3 bxc6 18. Bxe7 Rxd1+ 19. Rxd1 Bxe2 20.
Rd8+ 1/2-1/2

[Event "Sport Union Annen 1 - SC Mülheim 1"]
[Site "Verbandsklasse - Gruppe 1 201"]
[Date "2019.02.03"]
[Round "6.6"]
[White "Al Ali, Mohammad"]
[Black "Riek, Wolfgang"]
[Result "1-0"]
[WhiteElo "1819"]
[BlackElo "1786"]
[PlyCount "71"]
[EventDate "2019.??.??"]

1. Nf3 d5 2. e3 Nf6 3. c4 e6 4. Nc3 Bd6 5. b3 Nbd7 6. Bb2 O-O 7. Qc2 Re8 8. Ng5
Nf8 9. Bd3 dxc4 10. Bxc4 Bd7 11. Nce4 Nxe4 12. Nxe4 Be7 13. Qc3 f6 14. h4 b5
15. Be2 Rc8 16. b4 Bd6 17. Bh5 Be5 18. d4 Bd6 19. Bxe8 Bxe8 20. h5 Be7 21. h6
g6 22. Rc1 Qd5 23. f3 Nd7 24. Nc5 Nxc5 25. dxc5 Qg5 26. Kf2 Rd8 27. Rc2 Qd5 28.
Bc1 Kf7 29. Rd2 Qg5 30. Rxd8 Bxd8 31. e4 Qe5 32. Qd2 Be7 33. Bb2 Qg5 34. Qxg5
fxg5 35. Rd1 Bc6 36. Be5 1-0

[Event "Sport Union Annen 1 - SC Mülheim 1"]
[Site "Verbandsklasse - Gruppe 1 201"]
[Date "2019.02.03"]
[Round "6.7"]
[White "Meyer, Friedel"]
[Black "Jeschke, Holger"]
[Result "1-0"]
[WhiteElo "1765"]
[BlackElo "1892"]
[PlyCount "57"]
[EventDate "2019.??.??"]

1. c4 Nf6 2. Nc3 g6 3. g3 Bg7 4. Bg2 O-O 5. e3 e5 6. Nge2 c6 7. d4 d6 8. O-O
exd4 9. Nxd4 Nbd7 10. h3 Nb6 11. b3 d5 12. c5 Nbd7 13. b4 Re8 14. Bb2 Ne5 15.
Na4 Nc4 16. Bc3 Ne4 17. Be1 Nxg3 18. fxg3 Nxe3 19. Qd2 Nxf1 20. Bxf1 Re4 21.
Bf2 Qf6 22. Rd1 Bd7 23. Nc3 Re7 24. Nce2 g5 25. g4 Rae8 26. Ng3 Qf4 27. Qxf4
gxf4 28. Ngf5 Re4 29. Nd6 1-0

[Event "Sport Union Annen 1 - SC Mülheim 1"]
[Site "Verbandsklasse - Gruppe 1 201"]
[Date "2019.02.03"]
[Round "6.8"]
[White "Lauer, Boris"]
[Black "Wisotzky, Klaus"]
[Result "1/2-1/2"]
[WhiteElo "1845"]
[BlackElo "1638"]
[Annotator "Daniel"]
[PlyCount "117"]
[EventDate "2019.??.??"]

1. d4 d5 2. Nf3 Bf5 3. Bf4 e6 4. e3 Nf6 5. h3 c6 6. c3 Nbd7 7. Be2 Be7 8. Nbd2
h6 9. Qb3 Qb6 10. Ne5 Qxb3 11. axb3 O-O 12. O-O Nxe5 13. Bxe5 Nd7 14. Bh2 a6
15. b4 Rfc8 16. Nb3 Bd8 17. Nc5 Nxc5 18. bxc5 Bc7 19. Bxc7 Rxc7 20. b4 Rb8 21.
Rfe1 Kf8 22. g4 Bg6 23. f4 Be4 24. Kf2 Ke7 25. Bf3 f5 26. Rg1 Bxf3 27. Kxf3 Rg8
28. g5 h5 $11 29. Rgc1 g6 30. c4 dxc4 31. Rxc4 Rd8 32. Rc2 Rcd7 33. Ke2 Rd5 34.
Rd1 R8d7 35. Rd3 Kd8 36. Kd2 Kc7 37. Kc3 Kb8 38. Re2 Ka7 39. e4 fxe4 40. Rxe4
Re7 41. Rde3 Rf7 42. Kc4 Rdf5 43. Rxe6 Rxf4 44. Rxg6 h4 45. Rh6 Rg7 46. Re5 Rd7
47. Rd6 Rg7 48. g6 Rf3 49. Rh5 Rg3 50. Rxh4 R3xg6 51. Rxg6 Rxg6 52. Rh8 Rg1 53.
h4 Rc1+ 54. Kd3 Rb1 55. h5 Rxb4 56. h6 Rb3+ 57. Kc2 Rh3 58. h7 Rh1 59. Kb2
1/2-1/2

[Event "SC Werl 1981 1 - SV Wattenscheid 3"]
[Site "Verbandsklasse - Gruppe 1 201"]
[Date "2019.02.03"]
[Round "6.1"]
[White "Leveikina, Jevgenija"]
[Black "Schwarzkopf, Christian"]
[Result "1/2-1/2"]
[WhiteElo "2052"]
[BlackElo "2041"]
[PlyCount "34"]
[EventDate "2019.??.??"]

1. d4 Nf6 2. Nf3 d6 3. g3 Nc6 4. Bg2 g6 5. O-O Bg7 6. c4 O-O 7. Nc3 e5 8. dxe5
dxe5 9. Qxd8 Rxd8 10. Bg5 Be6 11. b3 h6 12. Bxf6 Bxf6 13. Rad1 a6 14. Nd2 Rab8
15. Nde4 Be7 16. Nd5 Bxd5 17. cxd5 Nb4 1/2-1/2

[Event "SC Werl 1981 1 - SV Wattenscheid 3"]
[Site "Verbandsklasse - Gruppe 1 201"]
[Date "2019.02.03"]
[Round "6.2"]
[White "Stolle, Dietmar"]
[Black "Wolf, Ulrich"]
[Result "1-0"]
[WhiteElo "2008"]
[BlackElo "2029"]
[PlyCount "59"]
[EventDate "2019.??.??"]

1. c4 c5 2. Nc3 b6 3. Nf3 Bb7 4. d4 cxd4 5. Nxd4 Nf6 6. Bg5 Ne4 7. Nxe4 Bxe4 8.
f3 Bb7 9. e4 d6 10. Qd2 Nc6 11. Be2 Rc8 12. O-O Qc7 13. Be3 Ne5 14. Rac1 g6 15.
Nb5 Qb8 16. Bd4 a6 17. Nc3 Rg8 18. b3 Nd7 19. Qe3 Bc6 20. Nd5 e5 21. Bb2 Bxd5
22. cxd5 b5 23. Rxc8+ Qxc8 24. Rc1 Qb7 25. Qc3 Qb6+ 26. Kf1 Bh6 27. Qc8+ Qd8
28. Rc6 Nb8 29. Rc7 Rf8 30. Qb7 1-0

[Event "SC Werl 1981 1 - SV Wattenscheid 3"]
[Site "Verbandsklasse - Gruppe 1 201"]
[Date "2019.02.03"]
[Round "6.3"]
[White "Thelen, Thomas"]
[Black "Lampe, Thomas"]
[Result "1/2-1/2"]
[WhiteElo "1979"]
[BlackElo "1967"]
[PlyCount "40"]
[EventDate "2019.??.??"]

1. d4 Nf6 2. c4 c5 3. d5 b5 4. cxb5 a6 5. bxa6 Bxa6 6. Nc3 g6 7. f4 d6 8. Nf3
Bg7 9. e4 Bxf1 10. Rxf1 Nbd7 11. Qe2 O-O 12. Kf2 Qb6 13. Kg1 Rfb8 14. Kh1 Qa6
15. Qe1 c4 16. e5 dxe5 17. Nxe5 Nxe5 18. fxe5 Nd7 19. e6 fxe6 20. dxe6 Nc5
1/2-1/2

[Event "SC Werl 1981 1 - SV Wattenscheid 3"]
[Site "Verbandsklasse - Gruppe 1 201"]
[Date "2019.02.03"]
[Round "6.4"]
[White "Beulertz, Stefan"]
[Black "Peter, Thomas"]
[Result "1/2-1/2"]
[WhiteElo "2007"]
[BlackElo "2085"]
[PlyCount "53"]
[EventDate "2019.??.??"]

1. e4 e6 2. d4 d5 3. Nc3 Bb4 4. exd5 exd5 5. Bd3 Nf6 6. Nge2 Bg4 7. f3 Bh5 8.
O-O Bg6 9. Bg5 c6 10. Nf4 O-O 11. Nxg6 hxg6 12. Ne2 Nbd7 13. f4 Qc7 14. Ng3 Bd6
15. Qd2 Rae8 16. Rae1 Qb8 17. f5 Bxg3 18. hxg3 Rxe1 19. Rxe1 gxf5 20. Bxf5 Re8
21. Bf4 Qd8 22. Bg5 Nf8 23. Rxe8 Qxe8 24. Bxf6 gxf6 25. Kf2 Ng6 26. Qh6 Qf8 27.
Qxf8+ 1/2-1/2

[Event "SC Werl 1981 1 - SV Wattenscheid 3"]
[Site "Verbandsklasse - Gruppe 1 201"]
[Date "2019.02.03"]
[Round "6.5"]
[White "Thon, Manfred"]
[Black "Vieweger, Torsten"]
[Result "1/2-1/2"]
[WhiteElo "1838"]
[BlackElo "1892"]
[PlyCount "63"]
[EventDate "2019.??.??"]

1. d4 d5 2. c4 e6 3. Nc3 f5 4. e3 Nf6 5. Nf3 Be7 6. Be2 O-O 7. O-O c6 8. b3 Bd7
9. a4 Bb4 10. Qc2 Qe7 11. Ne5 Ne4 12. Bb2 Be8 13. Nxe4 fxe4 14. f4 Nd7 15. Bc3
Bd6 16. c5 Bc7 17. b4 g5 18. g3 Nxe5 19. dxe5 Bg6 20. Qd1 Rf7 21. Bh5 gxf4 22.
Bxg6 hxg6 23. gxf4 Rh7 24. Ra2 Kf7 25. Rg2 Qh4 26. Be1 Qh5 27. Bg3 Qxd1 28.
Rxd1 Bd8 29. Rf1 Be7 30. Rc2 Rhh8 31. Rb1 Rhc8 32. Be1 1/2-1/2

[Event "SC Werl 1981 1 - SV Wattenscheid 3"]
[Site "Verbandsklasse - Gruppe 1 201"]
[Date "2019.02.03"]
[Round "6.6"]
[White "Brunberg, Ingo"]
[Black "Doehmann, Joerg"]
[Result "1/2-1/2"]
[WhiteElo "1801"]
[BlackElo "1717"]
[PlyCount "65"]
[EventDate "2019.??.??"]

1. e4 c6 2. d3 e5 3. Nf3 Nf6 4. Nc3 d6 5. g3 Be7 6. Bg2 O-O 7. O-O Nbd7 8. h3
Re8 9. b3 Qc7 10. Nd2 b6 11. Bb2 Bb7 12. Ne2 Bf8 13. c4 g6 14. f4 Bg7 15. f5 d5
16. fxg6 fxg6 17. Qc2 d4 18. Nf3 Bh6 19. Bc1 Bxc1 20. Raxc1 Rf8 21. Qd2 Kg7 22.
g4 Qd6 23. Ng3 Nc5 24. Rf2 Ne6 25. Ne2 Nd7 26. Rcf1 a5 27. h4 Ndc5 28. Bh3 Nf4
29. Nxf4 Rxf4 30. Ne1 Rxf2 31. Qxf2 Rf8 32. Qg3 Rxf1+ 33. Bxf1 1/2-1/2